[Event "POL-chT2"]
[Site "Poronin POL"]
[Date "2016.09.07"]
[Round "5.15"]
[White "Miroslaw, Michal"]
[Black "Malecki, Rafal"]
[Result "1-0"]
[WhiteElo "2312"]
[BlackElo "2027"]
[EventDate "2016.09.02"]

1.e4 d6 2.d4 Nc6 3.Nf3 Nf6 4.Nc3 Bg4 5.d5 Nb8 6.Be3 g6 7.Qd2 Bxf3 8.gxf3 
Nbd7 9.O-O-O c5 10.Bh3 Qa5 11.Kb1 b5 12.Rde1 Bg7 13.Bh6 O-O 14.Bxg7 Kxg7 
15.Bxd7 Nxd7 16.f4 Nb6 17.h4 Na4 18.Rh3 Qb4 19.Qc1 Nxc3+ 20.Rxc3 Qd4 21.
Rce3 a5 22.h5 a4 23.c3 Qf6 24.Rh3 b4 25.Reh1 Rh8 26.c4 Qd4 27.Qc2 f6 28.
Rd1 b3 29.axb3 axb3 30.Rxb3 Ra4 31.Rxd4 Rha8 32.Ra3 1-0

[Event "POL-chT2"]
[Site "Poronin POL"]
[Date "2016.09.07"]
[Round "5.16"]
[White "Sztwiertnia, Jan Krzysztof"]
[Black "Panas, Pawel"]
[Result "1-0"]
[WhiteElo "2128"]
[BlackElo "2132"]
[EventDate "2016.09.02"]

1.e4 e6 2.d4 d5 3.Nc3 dxe4 4.Nxe4 Bd7 5.Nf3 Bc6 6.Bd3 Nd7 7.O-O Ngf6 8.
Neg5 Bd6 9.Qe2 h6 10.Ne4 Nxe4 11.Bxe4 Bxe4 12.Qxe4 c6 13.Ne5 Nf6 14.Qe2 
O-O 15.b3 Be7 16.Bb2 Qc7 17.Rfe1 a5 18.a3 Rfe8 19.Rad1 Bf8 20.Rd3 Nd7 21.
Red1 Rad8 22.Qf3 Nxe5 23.dxe5 Rxd3 24.Qxd3 Be7 25.a4 Rd8 26.Qe2 Bb4 27.Rd3
Rd5 28.c4 Rd7 29.Qd1 Rxd3 30.Qxd3 Kf8 31.Bc1 Ke7 32.Bf4 Qd7 33.Qxd7+ Kxd7 
34.g4 Bc5 35.Kf1 Kc7 36.Ke2 Kb6 37.f3 Bd4 38.Kd3 Kc5 39.h4 b6 40.h5 Bf2 
41.Bd2 Bg3 42.Ke4 Bh4 43.f4 g6 44.g5 f5+ 45.exf6 Kd6 1-0

[Event "POL-chT2"]
[Site "Poronin POL"]
[Date "2016.09.07"]
[Round "5.17"]
[White "Praszak, Michal"]
[Black "Szajda, Marcin"]
[Result "1-0"]
[WhiteElo "2095"]
[BlackElo "2033"]
[EventDate "2016.09.02"]

1.d4 Nf6 2.c4 g6 3.Nc3 Bg7 4.e4 d6 5.h3 O-O 6.Bg5 Qe8 7.Be2 e5 8.d5 Na6 9.
Nf3 Nh5 10.g3 f5 11.exf5 gxf5 12.Nh4 Nf6 13.g4 f4 14.f3 e4 15.O-O Qe5 16.
Bxf6 Bxf6 17.Ng2 Qd4+ 18.Kh2 Qxd1 19.Nxd1 Be5 20.Rc1 Bd7 21.Nc3 e3 22.b3 
Nc5 23.Ne1 a5 24.Nd3 Nxd3 25.Bxd3 Bxc3 26.Rxc3 b6 27.Rc2 Be8 28.a4 Kg7 29.
h4 Bg6 30.Rd1 Rae8 31.Re2 Re7 32.Kg1 Be8 33.Kf1 h6 34.Rg2 Bd7 35.Ke2 Rg8 
36.Rdg1 Rf7 37.Bf5 Rh8 38.Bxd7 Rxd7 39.Rd1 Kg6 40.Rd4 Rf7 41.Re4 Rhf8 42.
Rg1 Rg7 43.Rd1 Rf6 44.Rdd4 Rgf7 45.Re6 Kg7 46.Rde4 Rf8 47.Kf1 R6f7 48.Ke1 
Rf6 49.Kd1 R6f7 50.Kc2 Rf6 51.Kc3 R6f7 52.Kd3 Rf6 53.Ke2 R6f7 54.Rd4 Rf6 
55.Ree4 R6f7 56.Rd1 Rf6 57.Rg1 Kf7 58.g5 hxg5 59.hxg5 Rf5 60.g6+ Kg8 61.g7
Rc8 62.Rg4 Rf7 63.Rexf4 Rxf4 64.Rxf4 Kxg7 65.Kxe3 Kg6 66.Re4 Kf6 67.Rf4+ 
Ke7 68.Rh4 Kf6 69.Rh7 Kg6 70.Rd7 Kf6 71.Kd4 Kf5 72.Kc3 Kf4 73.Rf7+ Ke3 74.
f4 Ke4 75.f5 Ke5 76.Kd3 c6 77.dxc6 Rxc6 78.Re7+ Kf6 79.Re8 Kf7 80.Re6 Rc5 
81.Rxd6 Rxf5 82.Rxb6 Ke7 83.Rb5 1-0

[Event "POL-chT2"]
[Site "Poronin POL"]
[Date "2016.09.07"]
[Round "5.18"]
[White "Chmiel, Dominika"]
[Black "Toma, Katarzyna"]
[Result "0-1"]
[WhiteElo "2102"]
[BlackElo "2324"]
[EventDate "2016.09.02"]

1.e4 e5 2.Nf3 d6 3.d4 Nd7 4.Bc4 c6 5.O-O Be7 6.dxe5 dxe5 7.Ng5 Bxg5 8.Qh5 
Qe7 9.Bxg5 Ngf6 10.Qe2 h6 11.Bd2 O-O 12.Nc3 b5 13.Bb3 Nc5 14.Be3 a5 15.
Bxc5 Qxc5 16.a3 Ba6 17.Rfe1 a4 18.Ba2 Rfd8 19.Qe3 Qxe3 20.Rxe3 Rd2 21.Rc1 
Rad8 22.Ree1 Kf8 23.f3 Nh5 24.Rcd1 Nf4 25.Kh1 Nxg2 26.Rxd2 Rxd2 27.Re2 
Rxe2 28.Nxe2 Ne1 29.Ng1 Nxc2 30.Kg2 b4 0-1

[Event "POL-chT2"]
[Site "Poronin POL"]
[Date "2016.09.07"]
[Round "5.19"]
[White "Krysztofiak, Marcin"]
[Black "Urban, Klaudiusz"]
[Result "1/2-1/2"]
[WhiteElo "2378"]
[BlackElo "2418"]
[EventDate "2016.09.02"]

1.d4 Nf6 2.Bg5 c5 3.Bxf6 gxf6 4.d5 Qb6 5.Qc1 f5 6.c4 d6 7.Nc3 Bg7 8.e3 Nd7
9.Nf3 Nf6 10.Bd3 Ne4 11.Bxe4 fxe4 12.Nd2 f5 13.O-O Bd7 14.Rb1 O-O 15.f3 
exf3 16.Nxf3 Rae8 17.Ng5 Qd8 18.Rf3 Qc8 19.Qc2 h6 20.Nh3 e5 21.dxe6 Bc6 
22.Rg3 Qxe6 23.Nf4 Qxc4 24.b3 Qf7 25.Rd1 Rd8 26.Ng6 Rfe8 27.Nh4 Re5 28.Rf1
Bd7 29.e4 f4 30.Rgf3 Rf8 31.Ne2 Qe8 32.Rxf4 Rxf4 33.Rxf4 d5 34.Qxc5 dxe4 
35.Qxa7 Qc8 1/2-1/2

[Event "POL-chT2"]
[Site "Poronin POL"]
[Date "2016.09.07"]
[Round "5.20"]
[White "Przybylski, Wojciech"]
[Black "Grabarczyk, Miroslaw"]
[Result "0-1"]
[WhiteElo "2337"]
[BlackElo "2438"]
[EventDate "2016.09.02"]

1.e4 e5 2.Nf3 Nf6 3.Nc3 Nc6 4.Bb5 d6 5.O-O Bd7 6.d3 Be7 7.Ne2 a6 8.Bxc6 
Bxc6 9.Ng3 O-O 10.h3 Re8 11.Nf5 Bd7 12.g4 Be6 13.c4 Nd7 14.Kh2 c6 15.b3 d5
16.Bb2 Bf8 17.Qe2 b5 18.cxd5 cxd5 19.Ne3 d4 20.Nf5 a5 21.Nd2 g6 22.f4 f6 
23.fxe5 fxe5 24.Ng3 a4 25.Rab1 axb3 26.axb3 Ra2 27.Rfc1 Bh6 28.Rc2 Rf8 29.
Rf1 Bf4 30.Kg2 h5 31.gxh5 Qh4 0-1

[Event "POL-chT2"]
[Site "Poronin POL"]
[Date "2016.09.07"]
[Round "5.21"]
[White "Borgula, Rafal"]
[Black "Kaczmarek, Aleksander"]
[Result "0-1"]
[WhiteElo "2240"]
[BlackElo "2332"]
[EventDate "2016.09.02"]

1.d4 c5 2.e3 cxd4 3.exd4 d5 4.Bd3 Nc6 5.c3 Qc7 6.Ne2 Bg4 7.h3 Bxe2 8.Qxe2 
Nxd4 9.Qe3 Nc6 10.O-O Nf6 11.b3 e5 12.Bb2 Bd6 13.Nd2 O-O 14.Rac1 e4 15.Bb1
Bf4 16.Qe2 Rfe8 17.Qd1 Rad8 18.Re1 e3 19.fxe3 Bxe3+ 20.Kh1 Qf4 21.Rf1 Qh6 
22.Rc2 Ne5 23.Rf5 Qg6 24.g4 Nexg4 25.hxg4 Nxg4 26.Nf3 Qxf5 27.Rh2 Qf4 28.
Bxh7+ Kh8 29.Bd3+ Qxh2+ 30.Nxh2 Nf2+ 0-1

[Event "POL-chT2"]
[Site "Poronin POL"]
[Date "2016.09.07"]
[Round "5.22"]
[White "Reza, Wojciech"]
[Black "Robak, Zbigniew"]
[Result "1-0"]
[WhiteElo "2310"]
[BlackElo "2204"]
[EventDate "2016.09.02"]

1.e4 d6 2.d4 Nf6 3.Nc3 g6 4.Nf3 Bg7 5.Be2 O-O 6.O-O Bg4 7.Be3 Nc6 8.d5 Nb8
9.Nd4 Bxe2 10.Qxe2 c6 11.Rad1 Qc8 12.h3 Nbd7 13.Nf3 Re8 14.Rfe1 Nb6 15.
dxc6 bxc6 16.e5 dxe5 17.Nxe5 Nfd5 18.Bd4 f6 19.Nc4 Nf4 20.Qf1 Nbd5 21.Ne4 
Ne6 22.Nc5 Nxc5 23.Bxc5 Qf5 24.Qd3 Qg5 25.Qf3 Bf8 26.Re6 Rad8 27.Rde1 Nf4 
28.Be3 Qd5 29.Bxf4 Qxc4 30.Rxc6 Qxa2 31.b3 e5 32.Bg3 Qa5 33.c3 f5 34.Bh4 
Rd2 35.b4 Qa2 36.g4 e4 37.Qf4 e3 38.Rxe3 Rd1+ 39.Kh2 Qb1 40.Qc4+ Kg7 41.
Bf6+ Kh6 42.Qf4+ 1-0

[Event "POL-chT2"]
[Site "Poronin POL"]
[Date "2016.09.07"]
[Round "5.23"]
[White "Katafiasz, Tomasz"]
[Black "Schmidt, Wlodzimierz"]
[Result "1/2-1/2"]
[WhiteElo "1888"]
[BlackElo "2289"]
[EventDate "2016.09.02"]

1.Nf3 Nf6 2.c4 g6 3.Nc3 d5 4.cxd5 Nxd5 5.Qa4+ Nc6 6.Ne5 Qd6 7.Nxc6 Qxc6 8.
Qxc6+ bxc6 9.b3 Bg7 10.Bb2 Nxc3 11.Bxc3 Bxc3 12.dxc3 Be6 13.O-O-O O-O 14.
e3 a5 15.Kb2 a4 16.Be2 Rfb8 17.c4 Rb6 18.Rc1 Rab8 19.Rc3 c5 20.Rd1 Kf8 21.
Bf3 Rd6 22.Rxd6 exd6 23.Bc6 axb3 24.Rxb3 Rb6 25.Bd5 Bd7 26.Rxb6 cxb6 27.
Kb3 g5 28.f3 h6 29.h3 Ke7 30.a3 f6 31.Kc3 Be8 1/2-1/2

[Event "POL-chT2"]
[Site "Poronin POL"]
[Date "2016.09.07"]
[Round "5.24"]
[White "Dmochowska, Agnieszka"]
[Black "Weglarz, Joanna"]
[Result "1-0"]
[WhiteElo "1995"]
[BlackElo "1986"]
[EventDate "2016.09.02"]

1.e4 c5 2.Nf3 d6 3.d4 cxd4 4.Nxd4 Nf6 5.Nc3 a6 6.Bg5 e6 7.f4 Be7 8.Qf3 Qc7
9.O-O-O b5 10.Bxf6 gxf6 11.f5 b4 12.fxe6 bxc3 13.exf7+ Kxf7 14.e5 cxb2+ 
15.Kb1 dxe5 16.Qd5+ Kg7 17.Bc4 Rf8 18.Rd3 exd4 19.Rg3+ Kh6 20.Qxd4 f5 21.
Qg7+ 1-0

[Event "POL-chT2"]
[Site "Poronin POL"]
[Date "2016.09.07"]
[Round "5.25"]
[White "Kolago, Marcin"]
[Black "Vovk, Yuri"]
[Result "0-1"]
[WhiteElo "2361"]
[BlackElo "2596"]
[EventDate "2016.09.02"]

1.g3 Nf6 2.Bg2 g6 3.c4 Bg7 4.Nc3 O-O 5.e3 e5 6.Nge2 Re8 7.d3 c6 8.Qb3 Na6 
9.O-O d6 10.Bd2 Be6 11.d4 Rb8 12.d5 cxd5 13.cxd5 Bd7 14.a4 Nc5 15.Qa3 e4 
16.b4 Nd3 17.Nd4 Bf5 18.Qb3 h5 19.Ra2 Ng4 20.Nce2 Rc8 21.Rc2 Rxc2 22.Qxc2 
Qd7 23.Bc3 Rc8 24.Qb3 Be5 25.Nf4 Nxf4 26.exf4 Bg7 27.Re1 Qc7 28.Ba1 a6 29.
Bf1 Qb6 30.a5 Bxd4 31.axb6 Bxf2+ 32.Kg2 Bxe1 33.h3 Rc2+ 34.Kg1 Bf2+ 35.Kh1
Ne3 36.Bg2 Rc1+ 37.Kh2 Bg1+ 38.Kh1 Bf2+ 39.Kh2 Rg1 0-1

[Event "POL-chT2"]
[Site "Poronin POL"]
[Date "2016.09.07"]
[Round "5.26"]
[White "Stopa, Jacek"]
[Black "Wiewiora, Eneasz"]
[Result "1/2-1/2"]
[WhiteElo "2455"]
[BlackElo "2288"]
[EventDate "2016.09.02"]

1.d4 d5 2.c4 e6 3.Nf3 Nf6 4.Nc3 Be7 5.Bf4 O-O 6.e3 Nbd7 7.c5 c6 8.Bd3 b6 
9.b4 a5 10.a3 Ba6 11.O-O Qc8 12.h3 Qb7 13.g4 Bxd3 14.Qxd3 axb4 15.axb4 
Rxa1 16.Rxa1 Ra8 17.Qd1 Bd8 18.Qc1 h5 19.g5 Ne8 20.Rxa8 Qxa8 21.g6 fxg6 
22.cxb6 Bxb6 23.Qc2 Nf8 24.Na4 Qb7 25.Ne5 Bc7 26.Nxg6 Bxf4 27.Nxf4 Qxb4 
28.Qxc6 Qb1+ 29.Kh2 Nf6 30.Nc5 Qc2 31.Nfd3 Ne4 32.Kg2 1/2-1/2

[Event "POL-chT2"]
[Site "Poronin POL"]
[Date "2016.09.07"]
[Round "5.27"]
[White "Mulet, Piotr"]
[Black "Kolosowski, Mateusz"]
[Result "1-0"]
[WhiteElo "2279"]
[BlackElo "2426"]
[EventDate "2016.09.02"]

1.d4 Nf6 2.c4 e6 3.Nc3 d5 4.Bg5 Nbd7 5.e3 c6 6.Nf3 Qa5 7.Bxf6 Nxf6 8.Nd2 
Bd6 9.c5 Be7 10.f4 Qc7 11.Bd3 b6 12.b4 a5 13.a3 e5 14.fxe5 Ng4 15.Nf1 axb4
16.axb4 Rxa1 17.Qxa1 bxc5 18.bxc5 f6 19.h3 Nh6 20.exf6 Bxf6 21.Ne2 Nf5 22.
Bxf5 Bxf5 23.Nfg3 Bc8 24.O-O O-O 25.Nh5 Bg5 26.Rxf8+ Kxf8 27.Nhf4 g6 28.
Qa8 Kg7 29.Kf2 Bh4+ 30.Kg1 Bg5 31.Kf2 Bh4+ 32.g3 Bd8 33.h4 h6 34.Nd3 g5 
35.hxg5 hxg5 36.Ng1 Bf6 37.Kg2 Bf5 38.Nf2 Qd7 39.Nf3 Qe6 40.Qb7+ Kg6 41.
Qc7 Qxe3 42.Qxc6 Be4 43.Qxf6+ 1-0

[Event "POL-chT2"]
[Site "Poronin POL"]
[Date "2016.09.07"]
[Round "5.28"]
[White "Cukrowski, Filip"]
[Black "Raszka, Janusz"]
[Result "1-0"]
[WhiteElo "2367"]
[BlackElo "2139"]
[EventDate "2016.09.02"]

1.e4 e6 2.d4 d5 3.Nd2 Nf6 4.e5 Nfd7 5.Bd3 c5 6.c3 Nc6 7.Ne2 Qb6 8.Nf3 cxd4
9.cxd4 f6 10.exf6 Nxf6 11.O-O Bd6 12.b3 e5 13.dxe5 Nxe5 14.Nf4 O-O 15.Be2 
Nxf3+ 16.Bxf3 d4 17.Ne2 Be5 18.Bb2 Rd8 19.Qd3 g6 20.Ng3 Bd7 21.Rfe1 Bb5 
22.Qd2 Qc7 23.Qg5 Re8 24.Rac1 Bc6 25.Bxc6 bxc6 26.f4 Bxf4 27.Qxf6 Bxc1 28.
Rxc1 Qe5 29.Qxe5 Rxe5 30.Bxd4 Re6 31.Nf1 a5 32.Ne3 Rd8 33.Bb6 Rd2 34.Bxa5 
Rxa2 35.Bb6 Rd6 36.h3 Kf7 37.Bc5 Rdd2 38.Rf1+ Ke6 39.Rf8 h5 40.Rc8 Ra6 41.
Kh2 h4 42.Rh8 g5 43.Rg8 Rd3 44.b4 Raa3 45.Rxg5 Rxe3 46.Bxe3 Rxe3 47.Rg4 
Rc3 48.Rxh4 Kf6 49.Rg4 Kf5 50.Kg1 Rc2 51.Kf1 1-0

[Event "POL-chT2"]
[Site "Poronin POL"]
[Date "2016.09.07"]
[Round "5.29"]
[White "Sapeta, Robert"]
[Black "Goluch, Piotr"]
[Result "0-1"]
[WhiteElo "2075"]
[BlackElo "2330"]
[EventDate "2016.09.02"]

1.d4 d5 2.Nc3 Nf6 3.Bg5 Nbd7 4.e4 Nxe4 5.Nxe4 dxe4 6.Qe2 h6 7.Bh4 c5 8.
O-O-O Qa5 9.Kb1 g5 10.Bg3 Bg7 11.Qxe4 cxd4 12.Bd6 O-O 13.Bxe7 Re8 14.Bb4 
Qd8 15.Qd5 a5 16.Ba3 Ne5 17.Qxd8 Rxd8 18.Be2 Bf5 19.Nf3 d3 20.cxd3 Nc4 21.
Ne1 Nxa3+ 22.bxa3 Ra6 23.Nc2 Rb6+ 24.Kc1 Bc3 25.d4 Rc8 26.Bd3 Be6 27.d5 
Bxd5 28.Bh7+ Kxh7 29.Rxd5 Bb2+ 30.Kd2 Rbc6 31.Ne3 Bxa3 32.Rb1 Bb4+ 33.Ke2 
b6 34.Rb2 Kg6 35.g4 Re6 36.Kf3 Rc3 37.Rb3 Rc1 38.Rd8 Bc5 39.Nf5 Rc2 40.
Rg8+ Kf6 41.Nxh6 Rxf2+ 42.Kg3 Ree2 43.Rd8 Rg2+ 44.Kf3 Ref2+ 45.Ke4 Rf4+ 
46.Kd3 Rxh2 0-1

[Event "POL-chT2"]
[Site "Poronin POL"]
[Date "2016.09.07"]
[Round "5.30"]
[White "Jakubowska, Anna"]
[Black "Mareckova, Martina"]
[Result "1/2-1/2"]
[WhiteElo "2205"]
[BlackElo "2173"]
[EventDate "2016.09.02"]

1.d4 Nf6 2.c4 g6 3.Nc3 Bg7 4.e4 d6 5.f3 O-O 6.Be3 e5 7.d5 Ne8 8.Qd2 f5 9.
exf5 gxf5 10.O-O-O Nd7 11.g4 Nc5 12.Nge2 fxg4 13.fxg4 Bxg4 14.Rg1 Bf5 15.
Ng3 Bg6 16.b4 Rxf1 17.Rdxf1 Nd3+ 18.Kd1 Qh4 19.Nf5 Qh5+ 20.Qe2 Nb2+ 21.Kc1
Qxe2 22.Nxe2 Nxc4 23.Bh6 Bxh6+ 24.Nxh6+ Kh8 25.Rf7 Ne3 26.h4 Ng7 27.Rxc7 
Nxd5 28.Rxb7 Rc8+ 29.Kd1 Nh5 30.Nf7+ Kg8 31.Nh6+ Kh8 32.Nf7+ Kg8 33.Nh6+ 
Kh8 1/2-1/2

[Event "POL-chT2"]
[Site "Poronin POL"]
[Date "2016.09.08"]
[Round "6.1"]
[White "Jakubowski, Krzysztof"]
[Black "Vovk, Yuri"]
[Result "1-0"]
[WhiteElo "2529"]
[BlackElo "2596"]
[EventDate "2016.09.02"]

1.e4 c6 2.d4 d5 3.exd5 cxd5 4.Bd3 Nc6 5.c3 Nf6 6.Bg5 Ne4 7.Bf4 Bf5 8.Qe2 
e6 9.Nf3 Bd6 10.Bxd6 Qxd6 11.O-O O-O 12.Nh4 Rfe8 13.Nd2 Qd8 14.Bxe4 Bxe4 
15.Nxe4 Qxh4 16.Ng3 a6 17.Rfd1 Rad8 18.h3 g6 19.Nf1 e5 20.dxe5 Rxe5 21.Ne3
d4 22.cxd4 Rxd4 23.Rxd4 Qxd4 24.Rd1 Qe4 25.Qd2 h5 26.Qd7 Re7 27.Qd6 Qa4 
28.Rc1 Re6 29.Qd7 Qb4 30.b3 Rd6 31.Qc8+ Kg7 32.Qc7 Nd4 33.Kf1 Qd2 34.Qc3 
Qe2+ 35.Kg1 Kh7 36.Qc7 Rf6 37.Rf1 Qxa2 38.Qe5 Qb2 39.Kh1 Re6 40.Qc7 Kg7 
41.Qxb7 Qxb3 42.Qd7 Qc3 43.Rb1 Rf6 44.Rd1 Rf4 45.Qd6 Re4 46.Qd5 f5 47.Qb7+
Kh6 48.Qxa6 f4 49.Qa8 Nc6 50.Qf8+ Kg5 51.Rd5+ Kh4 52.Kh2 1-0

[Event "POL-chT2"]
[Site "Poronin POL"]
[Date "2016.09.08"]
[Round "6.2"]
[White "Stopa, Jacek"]
[Black "Stryjecki, Marek"]
[Result "1-0"]
[WhiteElo "2455"]
[BlackElo "2427"]
[EventDate "2016.09.02"]

1.d4 g6 2.e4 Bg7 3.c4 d6 4.Nc3 e5 5.Nf3 Nc6 6.Bg5 f6 7.Be3 Nh6 8.h3 O-O 9.
c5 exd4 10.Nxd4 Nxd4 11.Bxd4 Be6 12.Be2 c6 13.O-O Re8 14.f4 dxc5 15.Bxc5 
f5 16.e5 Nf7 17.Qe1 Bh6 18.Qf2 b6 19.Be3 Qe7 20.g3 Qb4 21.Bf3 Rac8 22.Rfe1
g5 23.a3 Qb3 24.Kh2 Bg7 25.Rac1 Red8 26.Bd1 Qc4 27.Be2 Qb3 28.Bd1 Qc4 29.
Ne2 Qa2 30.Nd4 c5 31.Nxe6 Qxe6 32.b3 Rxd1 33.Rcxd1 Qxb3 34.Rd7 a6 35.Qe2 
Qe6 36.Red1 b5 37.Ra7 gxf4 38.gxf4 Nxe5 39.fxe5 Bxe5+ 40.Kh1 f4 41.Qg2+ 
Kh8 42.Bxf4 Rg8 43.Qxg8+ 1-0

[Event "POL-chT2"]
[Site "Poronin POL"]
[Date "2016.09.08"]
[Round "6.3"]
[White "Polok, Kacper"]
[Black "Kolosowski, Mateusz"]
[Result "1/2-1/2"]
[WhiteElo "2299"]
[BlackElo "2426"]
[EventDate "2016.09.02"]

1.e4 e5 2.Nf3 Nc6 3.Bc4 Nf6 4.d3 Be7 5.c3 O-O 6.Nbd2 d6 7.b4 a6 8.Bb3 Be6 
9.O-O h6 10.Re1 Qd7 11.a3 Nh5 12.d4 Bxb3 13.Nxb3 Qg4 14.h3 Qg6 15.g4 Rae8 
16.Kh1 Nf6 17.Nh4 Qh7 18.Nf5 exd4 19.cxd4 Bd8 20.f3 Ne7 21.Nxe7+ Rxe7 22.
Ra2 Rfe8 23.Rg2 Re6 24.d5 R6e7 25.Na5 c6 26.dxc6 Bxa5 27.bxa5 bxc6 28.Qxd6
Re6 29.Qd3 c5 30.Be3 Qg6 31.Rc1 h5 32.g5 Nh7 33.Rxc5 Nf8 34.Rd2 R6e7 35.
Rd5 Qe6 36.Kg2 Ng6 37.Rd6 Qe5 38.Kh1 Qg3 39.Qf1 Nh4 40.Rd8 Nxf3 41.Rxe8+ 
Rxe8 42.Rf2 Nxg5 43.Bxg5 Qxg5 44.Rxf7 Rxe4 45.Rf8+ Kh7 46.Qf5+ Qxf5 47.
Rxf5 h4 48.Kg2 Ra4 49.Rc5 g6 50.Kf3 Kh6 51.Rd5 Rxa3+ 52.Kg4 Ra4+ 53.Kf3 
Ra1 54.Kg4 Ra4+ 55.Kf3 Kg7 56.Rc5 Kf7 57.Rc7+ Kf8 58.Rc5 Ke7 59.Re5+ Kf6 
60.Rc5 Ra3+ 61.Kg4 Ra4+ 62.Kf3 Ra3+ 63.Kg4 Ra4+ 64.Kf3 1/2-1/2

[Event "POL-chT2"]
[Site "Poronin POL"]
[Date "2016.09.08"]
[Round "6.4"]
[White "Cukrowski, Filip"]
[Black "Wieczorek, Zbigniew"]
[Result "1/2-1/2"]
[WhiteElo "2367"]
[BlackElo "2305"]
[EventDate "2016.09.02"]

1.e4 g6 2.d4 Bg7 3.Nc3 c6 4.f4 d5 5.e5 h5 6.Be2 Nh6 7.Be3 Bg4 8.Qd2 Bxe2 
9.Ngxe2 Nd7 10.O-O Nb6 11.b3 e6 12.a4 Ng4 13.Nd1 Nc8 14.Qd3 Ne7 15.Bd2 Nf5
16.h3 Ngh6 17.g3 Bf8 18.Kg2 Be7 19.Ne3 Nxe3+ 20.Bxe3 Qa5 21.Bd2 Qc7 22.Ng1
c5 23.dxc5 Bxc5 24.Nf3 a6 25.b4 Ba7 26.c3 Qc4 27.Qxc4 dxc4 28.Rfe1 O-O 29.
Be3 Bxe3 30.Rxe3 Rfd8 31.Re4 Rac8 32.Nd4 Nf5 33.Rd1 Ne7 34.a5 Nd5 35.Rc1 
Nc7 36.Kf3 Nb5 37.Ke3 Rd5 38.g4 hxg4 39.hxg4 Rc7 40.Rc2 Na3 41.Rd2 Nb1 42.
Rc2 Na3 43.Rc1 Nb5 1/2-1/2

[Event "POL-chT2"]
[Site "Poronin POL"]
[Date "2016.09.08"]
[Round "6.5"]
[White "Obrusnik, Michal"]
[Black "Goluch, Piotr"]
[Result "1/2-1/2"]
[WhiteElo "2276"]
[BlackElo "2330"]
[EventDate "2016.09.02"]

1.e4 c5 2.Nf3 d6 3.d4 cxd4 4.Nxd4 Nf6 5.Nc3 a6 6.Nb3 e6 7.g4 d5 8.g5 Nxe4 
9.Nxe4 dxe4 10.Qxd8+ Kxd8 11.Bg2 Bd7 12.Be3 Bd6 13.O-O-O Ke7 14.Na5 Bc6 
15.Kb1 f5 16.gxf6+ gxf6 17.Nxc6+ Nxc6 18.Bxe4 Rad8 19.Bb6 Rc8 20.Rhg1 Rcg8
21.h3 f5 22.Bh1 Rxg1 23.Rxg1 Kf6 24.a3 Rc8 25.Rd1 Ke7 26.Rg1 Kf6 27.Rd1 
Ke7 28.Rg1 Kf6 29.Rd1 Ke7 30.Rg1 Kf6 1/2-1/2

[Event "POL-chT2"]
[Site "Poronin POL"]
[Date "2016.09.08"]
[Round "6.6"]
[White "Jakubowska, Anna"]
[Black "Zemlickova, Olena"]
[Result "1/2-1/2"]
[WhiteElo "2205"]
[BlackElo "2091"]
[EventDate "2016.09.02"]

1.e4 d6 2.d4 Nf6 3.Nc3 e5 4.Nf3 Nbd7 5.Bc4 Be7 6.O-O c6 7.a4 h6 8.Re1 Qc7 
9.h3 Nf8 10.a5 Ng6 11.d5 c5 12.Bb5+ Bd7 13.Be3 O-O 14.Bxd7 Qxd7 15.Nd2 Nh7
16.Nf1 Bg5 17.Qg4 Qxg4 18.hxg4 Ne7 19.Ra3 Rfd8 20.Rb3 Rd7 21.Bxg5 hxg5 22.
Ne3 g6 23.Nc4 Rad8 24.Nb5 Nc8 25.Nc3 Nf6 26.f3 Kg7 27.g3 Re8 28.Kg2 Rde7 
29.Nb5 Rd7 30.Nc3 Rde7 31.Nb5 Rd7 32.Nc3 1/2-1/2

[Event "POL-chT2"]
[Site "Poronin POL"]
[Date "2016.09.08"]
[Round "6.7"]
[White "Urban, Klaudiusz"]
[Black "Kolago, Marcin"]
[Result "1-0"]
[WhiteElo "2418"]
[BlackElo "2361"]
[EventDate "2016.09.02"]

1.d4 Nf6 2.c4 g6 3.Nf3 Bg7 4.g3 d6 5.Nc3 O-O 6.Bg2 Nc6 7.O-O Bf5 8.Ne1 Qd7
9.e4 Bh3 10.Nc2 Bxg2 11.Kxg2 Na5 12.Qd3 c5 13.d5 a6 14.Rb1 e6 15.Bd2 b5 
16.b3 Rab8 17.f3 bxc4 18.bxc4 Rfd8 19.Rfc1 Qc7 20.Nd1 Nd7 21.f4 exd5 22.
exd5 Rxb1 23.Rxb1 Rb8 24.Rxb8+ Nxb8 25.Nf2 Nd7 26.Ne3 Qb6 27.Qa3 Nb7 28.
Qa4 Nf8 29.Qb3 Nd7 30.Kf3 Qxb3 31.axb3 Kf8 32.g4 Nb6 33.Ke2 a5 34.Kd3 a4 
35.bxa4 Nxa4 36.Nfd1 Nb2+ 37.Nxb2 Bxb2 38.Kc2 Bd4 39.Nf1 Ke7 40.Kb3 f6 41.
Ka4 Nd8 42.Ng3 Nf7 43.Kb5 Kd7 44.h3 Bb2 45.Ne4 Bd4 46.Kb6 h6 47.h4 Ba1 48.
Be3 Bb2 49.Kb5 Ba1 50.Ng3 Bb2 51.h5 g5 52.Nf5 Ba1 53.Bd2 Bb2 54.Ka4 Bd4 
55.Kb3 Ke8 56.Kc2 Bg1 57.fxg5 fxg5 58.Bc3 Bh2 59.Bg7 Be5 60.Bxh6 Bf6 61.
Kb3 Bh8 62.Ka4 Bf6 63.Kb5 Kd7 64.Bg7 Bxg7 65.Nxg7 Nh6 66.Ne6 Nxg4 67.Nxg5 
Ke7 68.Ne4 Kd7 69.Ng3 Nh6 70.Kb6 Nf7 71.Nf5 Ne5 72.Kb5 Ng4 73.h6 Nf6 74.
Kb6 Nh7 75.Ng7 Nf6 76.Ne6 Nh7 77.Kb7 Ke7 78.Kc7 Nf6 79.Ng5 Ne8+ 80.Kc6 Kf6
81.h7 Kg7 82.Kd7 Nf6+ 83.Kxd6 1-0

[Event "POL-chT2"]
[Site "Poronin POL"]
[Date "2016.09.08"]
[Round "6.8"]
[White "Wiewiora, Eneasz"]
[Black "Przybylski, Wojciech"]
[Result "1-0"]
[WhiteElo "2288"]
[BlackElo "2337"]
[EventDate "2016.09.02"]

1.d4 Nf6 2.c4 e6 3.Nc3 Bb4 4.e3 O-O 5.Bd3 d5 6.Nf3 c5 7.O-O cxd4 8.exd4 
dxc4 9.Bxc4 b6 10.Qe2 Bb7 11.Rd1 Bxc3 12.bxc3 Qc7 13.Ne5 Nbd7 14.Nxd7 Qxd7
15.Bd2 Qc6 16.f3 Rac8 17.Bd3 Rfd8 18.Rac1 Qd5 19.Be3 h6 20.c4 Qh5 21.Qb2 
Rd7 22.Bf1 Rcd8 23.Re1 Bc6 24.Bf2 Qg6 25.Qa3 Nh7 26.h4 Qf6 27.Qb2 Nf8 28.
Qe2 Ng6 29.h5 Nf4 30.Qe5 Qg5 31.Be3 Qxe5 32.dxe5 Nd3 33.Bxd3 Rxd3 34.Kf2 
Kf8 35.Re2 Ke7 36.Rb2 Ra3 37.Ke2 Ra5 38.c5 b5 39.Rcc2 Ra4 40.Rd2 Rh4 41.
Rd6 Rc8 42.g4 Rh3 43.f4 Rh4 44.Bf2 Rxg4 45.Rxc6 1-0

[Event "POL-chT2"]
[Site "Poronin POL"]
[Date "2016.09.08"]
[Round "6.9"]
[White "Kaczmarek, Aleksander"]
[Black "Mulet, Piotr"]
[Result "0-1"]
[WhiteElo "2332"]
[BlackElo "2279"]
[EventDate "2016.09.02"]

1.e4 e6 2.Nf3 d5 3.e5 c5 4.b4 cxb4 5.a3 Nc6 6.axb4 Bxb4 7.c3 Be7 8.d4 Bd7 
9.Bd3 Rc8 10.O-O Na5 11.Qc2 h6 12.Qa2 Nc6 13.Bd2 Bg5 14.Nxg5 hxg5 15.Na3 
a6 16.c4 Nxd4 17.Qb2 dxc4 18.Nxc4 Nb5 19.Ba5 Qe7 20.Nb6 Rb8 21.Rfd1 Bc6 
22.Bxb5 Bxb5 23.Rac1 Bc6 24.Bb4 Qc7 25.Bd6 Qd8 26.Bc5 Bd5 27.Bd6 Bc6 28.
Bxb8 Qxb8 29.Nc4 Ne7 30.Nd6+ Kf8 31.Nxb7 Bd5 32.Qb6 Kg8 33.Rc7 Nf5 34.Qc5 
Kh7 35.Nd6 Qb3 36.Rc1 Nh4 37.Nxf7 Bxg2 38.Nxg5+ Kh6 39.Qe7 Kh5 40.Qxg7 Rh6
41.R7c4 Nf5 42.Qg8 Bd5 43.R4c3 Qb4 44.Rh3+ Nh4 45.Qf7+ Rg6 46.Rg3 Nf5 47.
Ne4 Nxg3 48.Qh7+ Rh6 49.Nxg3+ Kg5 50.Qg8+ Kh4 51.Rd1 Kh3 52.Qg5 Rh4 53.Qe3
Rg4 54.Qh6+ Rh4 55.Qe3 Rg4 56.Qd3 Qf4 57.Qf1+ Kh4 58.Rxd5 exd5 59.Qxa6 d4 
60.Qd6 Kh3 61.Qc7 Qe4 62.Kf1 Qb1+ 63.Ke2 d3+ 64.Kd2 Qb2+ 65.Ke3 Qd4+ 66.
Kd2 Qxf2+ 67.Kd1 d2 68.Qh7+ Kg2 69.Qb7+ Kxh2 0-1

[Event "POL-chT2"]
[Site "Poronin POL"]
[Date "2016.09.08"]
[Round "6.10"]
[White "Raszka, Janusz"]
[Black "Reza, Wojciech"]
[Result "0-1"]
[WhiteElo "2139"]
[BlackElo "2310"]
[EventDate "2016.09.02"]

1.e4 c5 2.Nf3 Nc6 3.d4 cxd4 4.Nxd4 g6 5.Nc3 Bg7 6.Nxc6 bxc6 7.Bc4 Qa5 8.
Qf3 Nf6 9.O-O O-O 10.Re1 d5 11.exd5 cxd5 12.Bd2 Bf5 13.Bb3 d4 14.Nb1 Qc5 
15.c3 Ng4 16.Qg3 Rad8 17.h3 Ne5 18.cxd4 Rxd4 19.Be3 Qa5 20.Nc3 Rd7 21.Na4 
Nd3 22.Re2 Rfd8 23.Rd1 Nf4 24.Bxf4 Rxd1+ 25.Kh2 R1d7 26.Qe3 Bd4 27.Qf3 Bf6
28.g4 Bd3 29.Re3 g5 30.Bg3 Bg6 31.Nc3 Rd3 32.Ne4 Bxe4 33.Qxe4 Rxe3 34.Qxe3
Qb6 35.Qe4 Qd4 36.Qf5 e6 37.Qa5 Rc8 38.Qa6 Rc1 39.Qe2 Qxb2 40.Qe4 Qd4 41.
Qe2 a5 42.h4 gxh4 0-1

[Event "POL-chT2"]
[Site "Poronin POL"]
[Date "2016.09.08"]
[Round "6.11"]
[White "Schmidt, Wlodzimierz"]
[Black "Sapeta, Robert"]
[Result "1-0"]
[WhiteElo "2289"]
[BlackElo "2075"]
[EventDate "2016.09.02"]

1.d4 Nf6 2.c4 c5 3.d5 Ne4 4.f3 Qa5+ 5.Nd2 Nf6 6.e4 d6 7.Bd3 g6 8.Ne2 Bg7 
9.O-O O-O 10.f4 e6 11.dxe6 fxe6 12.Nf3 Nc6 13.Bd2 Qc7 14.Nc3 Nh5 15.g3 a6 
16.a3 Nd4 17.Nh4 Qd8 18.f5 Nxf5 19.exf5 Bd4+ 20.Kg2 b5 21.fxg6 Nf6 22.
gxh7+ Kg7 23.h3 Bb7+ 24.Kh2 Qc7 25.Bg5 Nxh7 26.Qh5 1-0

[Event "POL-chT2"]
[Site "Poronin POL"]
[Date "2016.09.08"]
[Round "6.12"]
[White "Mareckova, Martina"]
[Black "Dmochowska, Agnieszka"]
[Result "1/2-1/2"]
[WhiteElo "2173"]
[BlackElo "1995"]
[EventDate "2016.09.02"]

1.e4 e6 2.d3 d5 3.Qe2 Ne7 4.Nf3 c5 5.g3 g6 6.Bg2 Bg7 7.h4 Nbc6 8.O-O O-O 
9.Re1 e5 10.Nbd2 Bg4 11.c3 d4 12.Nf1 h6 13.N1h2 Be6 14.c4 Rb8 15.b3 b5 16.
cxb5 Rxb5 17.h5 a5 18.Ba3 Qb6 19.Nd2 Ra8 20.Nc4 Qb8 21.Nb2 Nb4 22.Rec1 Qd6
23.Nc4 Qb8 24.Nb2 Qd6 25.Nc4 Qb8 26.Nb2 1/2-1/2